000 01250cab a22002655a 4500
001 L150351
008 100702e20100626xxk 000 0 eng d
035 _a(Sirsi) u150351
041 0 _aeng
100 1 _aSykes, Joanna
245 0 0 _aIt remains a question of buyer beware
260 _c2010
490 _aEstates Gazette
_v(1025) 26 June 2010, 98-99(2)
520 _aQuestions the reliability of precontract enquiries and the established principle of the caveat emptor putting the onus on the buyer to carry out all necessary due digigence before buying a property. Subject to contract the buyer has no remedy against the seller unless misrepresentation can be proved. Looks at how sellers can limit their liability and buyers' remedies for incorrect and incomplete replies.
590 _aKA
650 2 4 _aWILLIAM SINDALL V CAMBRIDGESHIRE CC
650 2 4 _aMORRIS V PATEL
650 2 4 _aCLINICARE LTD (FORMERLY KNOWN AS STRASBOURGOISE UK PRIVATE HEALTH INSURANCE SERVCIES LTD) V ORCHARD HOMES AND DEVELOPMENTS LTD
650 2 4 _aGRANADA
650 2 4 _aFIRST NATIONAL COMMERCIAL BANK PLC V LOXLEYS
650 2 4 _aEDGWARE
651 4 _aENGLAND AND WALES
690 _aPROPERTY-PROPERTY ACQUISITION AND DISPOSAL-CONVEYANCING
942 _n0
999 _c82471
_d82471